Tydskrif vir die Suid-Afrikaanse Reg / Journal of South African Law (Record no. 3296)

MARC details
000 -LEADER
fixed length control field 00520nam a22001697a 4500
005 - DATE AND TIME OF INPUT
control field 20250318063022.0
008 - DATA ELEMENTS--GENERAL INFORMATION
fixed length control field 250318b |||||||| |||| 00| 0 eng d
022 ## - INTERNATIONAL STANDARD SERIAL NUMBER
International Standard Serial Number 02577747
041 ## - LANGUAGE CODE
Language code of text Afrikaans/English
082 ## - SHELF NUMBER
DDC number 349 TYD
100 ## - MAIN AUTHOR
Language of a work Afrikaan/English
245 ## - TITLE STATEMENT
Title Tydskrif vir die Suid-Afrikaanse Reg / Journal of South African Law
260 ## - PUBLICATION, DISTRIBUTION, ETC.
Place of publication, distribution, etc. Cape Town:
Name of publisher, distributor, etc. Juta and Company Ltd,
Date of publication, distribution, etc. 2025
300 ## - PHYSICAL DESCRIPTION
Other physical details 230 pages;
Dimensions 26 cm.
650 ## - SUBJECT`
Broad subject Legal practice
Own subject terms Law
942 ## - ADDED ENTRY ELEMENTS (KOHA)
Item type Books
942 ## - ADDED ENTRY ELEMENTS (KOHA)
-- ALISON_BN_VRIES
Holdings
Source of classification or shelving scheme Volume number (bound volume or other part) Not for loan Collection code Home library Current library Shelving location Date acquired Full call number Barcode Price effective from Koha item type
Dewey Decimal Classification 2025 (1)   TEXT BOOKS LAW SOCIETY OF NAMIBIA LIBRARY - WINDHOEK LAW SOCIETY OF NAMIBIA LIBRARY - WINDHOEK Tydsckrif vir die Suid-Afrikaan se reg (Journal of South African law) 03/18/2025 349 TYD LSN/2025/17 03/18/2025 Books
Dewey Decimal Classification 2025 (2)   TEXT BOOKS LAW SOCIETY OF NAMIBIA LIBRARY - WINDHOEK LAW SOCIETY OF NAMIBIA LIBRARY - WINDHOEK Tydsckrif vir die Suid-Afrikaan se reg (Journal of South African law) 06/05/2025 349 TYD LSN/2025/26 06/05/2025 Books
Dewey Decimal Classification 2025 (3)   TEXT BOOKS LAW SOCIETY OF NAMIBIA LIBRARY - WINDHOEK LAW SOCIETY OF NAMIBIA LIBRARY - WINDHOEK Tydsckrif vir die Suid-Afrikaan se reg (Journal of South African law) 07/23/2025 349 TYD LSN/2025/39 07/23/2025 Books